<?xml version="1.0" encoding="UTF-8"?>
<record
    xmlns:xsi="http://www.w3.org/2001/XMLSchema-instance"
    xsi:schemaLocation="http://www.loc.gov/MARC21/slim http://www.loc.gov/standards/marcxml/schema/MARC21slim.xsd"
    xmlns="http://www.loc.gov/MARC21/slim">

  <leader>01473nab a2200193 i 4500</leader>
  <controlfield tag="001">768714001</controlfield>
  <controlfield tag="003">CO-MdFUSB</controlfield>
  <controlfield tag="005">20230111160428.0</controlfield>
  <controlfield tag="008">220919s2012    gt ||||| |||| 00| 0 spa d</controlfield>
  <datafield tag="040" ind1=" " ind2=" ">
    <subfield code="b">spa</subfield>
    <subfield code="c">CO-MdFUSB</subfield>
    <subfield code="d">CO-MdFUSB</subfield>
  </datafield>
  <datafield tag="041" ind1=" " ind2=" ">
    <subfield code="a">spa</subfield>
  </datafield>
  <datafield tag="100" ind1=" " ind2=" ">
    <subfield code="a">Corpe&#xF1;o, Gerardo A., </subfield>
    <subfield code="e">autor</subfield>
  </datafield>
  <datafield tag="245" ind1=" " ind2="3">
    <subfield code="a">El significado de la cruz en la cristolog&#xED;a de Richard Bauckham</subfield>
    <subfield code="c">/ Gerardo A. Corpe&#xF1;o </subfield>
  </datafield>
  <datafield tag="300" ind1=" " ind2=" ">
    <subfield code="a">N&#xFA;mero 50, (Enero - Junio, 2012), p&#xE1;ginas 33-72 </subfield>
    <subfield code="c">; 21 cm.</subfield>
  </datafield>
  <datafield tag="520" ind1=" " ind2=" ">
    <subfield code="a">Bauckham utiliza la categor&#xED;a de la identidad de Dios para explicar c&#xF3;mo  los primeros cristianos pudieron confesar a Jes&#xFA;s como Dios sin romper con el monote&#xED;smo del Juda&#xED;smo. &#xC9;l arguye que el NT describe a Jes&#xFA;s en los t&#xE9;rminos de identidad divina. Esta inclusi&#xF3;n de Jes&#xFA;s en la identidad de Dios era consistente con la caracterizaci&#xF3;n de Dios en el Antiguo Testamento, especialmente  en Isa&#xED;as 40-55. Lo m&#xE1;s novedoso de dicha inclusi&#xF3;n no era lo que dice sobre Jes&#xFA;s, sino lo que dice sobre Dios, pues la crucifixi&#xF3;n de Cristo fue la revelaci&#xF3;n decisiva de la identidad divina. Evaluaciones de la propuesta de Bauckham han se&#xF1;alado fortalezas y debilidades. Tiene utilidad para una cristolog&#xED;a que pretende ser fiel a la Biblia y pertinente al contexto latinoamericano.

</subfield>
  </datafield>
  <datafield tag="650" ind1=" " ind2="7">
    <subfield code="9">239</subfield>
    <subfield code="a">Cristolog&#xED;a</subfield>
  </datafield>
  <datafield tag="773" ind1="0" ind2=" ">
    <subfield code="0">49489</subfield>
    <subfield code="9">81273</subfield>
    <subfield code="o">R2090</subfield>
    <subfield code="t">Kair&#xF3;s</subfield>
    <subfield code="w">(CO-MdFUSB)24</subfield>
    <subfield code="x">1014-9341</subfield>
    <subfield code="g">N&#xFA;mero 50, (Enero - Junio, 2012), p&#xE1;ginas 33-72 </subfield>
    <subfield code="q">p&#xE1;ginas 33</subfield>
  </datafield>
  <datafield tag="942" ind1=" " ind2=" ">
    <subfield code="c">ANA</subfield>
  </datafield>
  <datafield tag="999" ind1=" " ind2=" ">
    <subfield code="c">68175</subfield>
    <subfield code="d">68175</subfield>
  </datafield>
</record>
